000 00296nam a22001337a 4500
008 170728b xxu||||| |||| 00| 0 eng d
020 _a9780471798453
041 _aeng
080 _a004
100 _a32
101 _aSHKI
245 _aEXCEL WORKBOOK FOR DUMMIES
_cHARVEY, G
942 _2udc
_cBK
999 _c22158
_d22158